Normal view
MARC view
Entry Topical Term
001 - CONTROL NUMBER
- control field: 30893
003 - CONTROL NUMBER IDENTIFIER
- control field: ARRUPE
005 - DATE AND TIME OF LATEST TRANSACTION
- control field: 20170519084455.0
008 - FIXED-LENGTH DATA ELEMENTS
- fixed length control field: 170519|| aca||aabn | a|a d
040 ## - CATALOGING SOURCE
- Original cataloging agency: ARRUPE
- Transcribing agency: ARRUPE
150 ## - HEADING--TOPICAL TERM
- Topical term or geographic name as entry element: Political corruption
- General subdivision: Africa, Southern
- General subdivision: Prevention
670 ## - SOURCE DATA FOUND
- Source citation: Work cat.: (ARRUPE): Matsheza, Philliat 23105, Anti-corruption mechanisms and stragies in Southern Africa, 2000